Introducing You to Soviet Georgia (Record no. 2195)

000 -LEADER
fixed length control field 00493nam a22001817a 4500
003 - CONTROL NUMBER IDENTIFIER
control field OSt
005 - DATE AND TIME OF LATEST TRANSACTION
control field 20210427063126.0
008 - FIXED-LENGTH DATA ELEMENTS--GENERAL INFORMATION
fixed length control field 210312s ||||| |||| 00| 0 eng d
040 ## - CATALOGING SOURCE
Original cataloging agency eng
Language of cataloging eng
Transcribing agency DLC
041 ## - LANGUAGE CODE
Language code of text/sound track or separate title eng
080 ## - UNIVERSAL DECIMAL CLASSIFICATION NUMBER
Universal Decimal Classification number 94 (479.22)
Item number I-69
245 ## - TITLE STATEMENT
Title Introducing You to Soviet Georgia
Statement of responsibility, etc. / by: Intourist
260 ## - PUBLICATION, DISTRIBUTION, ETC.
Name of publisher, distributor, etc. Intourist
300 ## - PHYSICAL DESCRIPTION
Extent 133 p.
Other physical details ill.
650 #0 - SUBJECT ADDED ENTRY--TOPICAL TERM
9 (RLIN) 240
Topical term or geographic name entry element History of Georgia
653 ## - INDEX TERM--UNCONTROLLED
Uncontrolled term საქართველოს ისტორია
942 ## - ADDED ENTRY ELEMENTS (KOHA)
Source of classification or shelving scheme
Koha item type Books
Holdings
Withdrawn status Lost status Source of classification or shelving scheme Damaged status Not for loan Permanent location Current location Date acquired Inventory number Total Checkouts Full call number Barcode Date last seen Price effective from Koha item type
          Ken Walker International University Ken Walker International University 03/12/2021 1610   94 (479.22) I-69 1610 03/12/2021 03/12/2021 Books

Powered by Koha